000 00471nam a2200181Ia 4500
003 GCL
008 140319s9999 xx 000 0 eng d
040 _aGCL /
_cGCL
082 0 4 _aCC
_b291.23
_bB B
100 1 _aBUDGE, WALLIS
245 1 0 _aTHE BOOK OF THE DEAD, THE PAPYRUS OF ANI /
_cBUDGE, WALLIS
260 _a[S.N] :
_bDOVER PUBLICATIONS ،
_c1967
300 _a377
650 0 4 _aRELIGION
650 0 4 _aANCIENT EGYPT
650 0 4 _aRELIABILITY
942 _2ddc
_cBK
999 _c11140
_d11140